000
00330nam a22001337a 4500
008
241019b |||||||| |||| 00| 0 eng d
020
_a
9789358404333
040
_a
02
100
_a
RAVISHANKAR,LAKSHMY
245
_a
ADVANCED ORGANIC CHEMISTRY
260
_a
DELHI
_b
HIMALAYA PUBLISHING HOUSE
_c
2024
300
_a
426
942
_c
01
999
_c
64486
_d
64486